00000000cam 2200000zi 4500
0019.963361
003CaOODSP
00520260605152516
006m     o  d f      
007cr |n|||||||||
008260605e197810  onca    o    f000 0 fre d
040 |aCaOODSP|bfre|erda|cCaOODSP
043 |an-cn---
0861 |aJS82-115/1978F-PDF
24500|aRapport du Comité mixte chargé d'étudier les possibilités de logement pour les détenues sous responsabilité fédérale.
264 1|a[Ottawa] : |b[Service canadien des pénitenciers], |coctobre 1978.
300 |a1 ressource en ligne (40 pages) : |billustration
336 |atexte|btxt|2rdacontent/fre
337 |ainformatique|bc|2rdamedia/fre
338 |aressource en ligne|bcr|2rdacarrier/fre
500 |aÉdition numérisée de l'imprimé [par Sécurité publique Canada].
500 |aPublié aussi en anglais sous le titre : Report of the Joint Committee to Study Alternatives for the Housing of the Federal Female Offender.
650 6|aPrisons de femmes|zCanada.
650 6|aCriminelles|xRéhabilitation|zCanada.
7102 |aService canadien des pénitenciers, |eorganisme de publication.
77508|tReport of the Joint Committee to Study Alternatives for the Housing of the Federal Female Offender.|w(CaOODSP)9.958151
85640|qPDF|s1.43 Mo|uhttps://publications.gc.ca/collections/collection_2026/sp-ps/JS82-115-1978-fra.pdf